The Hebrew Bible / (Registro nro. 26602)

Detalles MARC
000 -LEADER
campo de control de longitud fija 03002cam a22006974i 4500
003 - IDENTIFICADOR DE NÚMERO DE CONTROL
campo de control PE-LiUPU
005 - FECHA Y HORA DE LA ÚLTIMA TRANSACCIÓN
campo de control 20250731173051.0
008 - DATOS DE LONGITUD FIJA--INFORMACIÓN GENERAL
campo de control de longitud fija 160516m2016 ne rb 000 0 eng
010 ## - NÚMERO DE CONTROL DE LA BIBLIOTECA DEL CONGRESO
Número de control de LC 2016013903
020 ## - NÚMERO INTERNACIONAL ESTÁNDAR DEL LIBRO
Número Internacional Estándar del Libro 9004231811
Información calificativa (volumen 1A)
020 ## - NÚMERO INTERNACIONAL ESTÁNDAR DEL LIBRO
Número Internacional Estándar del Libro 9004337105
Información calificativa (volumen 1B)
020 ## - NÚMERO INTERNACIONAL ESTÁNDAR DEL LIBRO
Número Internacional Estándar del Libro 9004337113
Información calificativa (volumen 1C)
020 ## - NÚMERO INTERNACIONAL ESTÁNDAR DEL LIBRO
Número Internacional Estándar del Libro 9789004231818
Información calificativa (volumen 1A)
020 ## - NÚMERO INTERNACIONAL ESTÁNDAR DEL LIBRO
Número Internacional Estándar del Libro 9789004337107
Información calificativa (volumen 1B)
020 ## - NÚMERO INTERNACIONAL ESTÁNDAR DEL LIBRO
Número Internacional Estándar del Libro 9789004337114
Información calificativa (volumen 1C)
035 ## - NÚMERO DE CONTROL DEL SISTEMA
Número de control de sistema (Sirsi) i9789004231818
035 ## - NÚMERO DE CONTROL DEL SISTEMA
Número de control de sistema (OCoLC)949912166
040 ## - FUENTE DE CATALOGACIÓN
Centro catalogador/agencia de origen DLC
Lengua de catalogación eng
Normas de descripción rda
Centro/agencia transcriptor DLC
Centro/agencia modificador YDX
-- OCLCF
-- YDXCP
-- OHX
-- GUA
-- NYP
-- LNT
-- IPS
-- HUC
-- ICW
-- PAU
-- J9U
-- IUL
-- DHA
-- PE-LiUPU
049 ## - FONDOS LOCALES (OCLC)
Biblioteca depositaria PRUA
050 00 - SIGNATURA TOPOGRÁFICA DE LA BIBLIOTECA DEL CONGRESO
Número de clasificación BS1136
Número de ítem .H43 2016
082 04 - NÚMERO DE LA CLASIFICACIÓN DECIMAL DEWEY
Número de clasificación 221.67
Cutter H3
Número de edición 23
245 04 - MENCIÓN DEL TÍTULO
Título The Hebrew Bible /
Mención de responsabilidad, etc. edited by Armin Lange, Emanuel Tov.
264 #1 - PRODUCCIÓN, PUBLICACIÓN, DISTRIBUCIÓN, FABRICACIÓN Y COPYRIGHT
Producción, publicación, distribución, fabricación y copyright Leiden, Boston :
Nombre del de productor, editor, distribuidor, fabricante Brill,
Fecha de producción, publicación, distribución, fabricación o copyright 2016.
300 ## - DESCRIPCIÓN FÍSICA
Extensión 3 volumenes ;
Dimensiones 27 centímetros.
336 ## - TIPO DE CONTENIDO
Término de tipo de contenido text
Fuente rdacontent
337 ## - TIPO DE MEDIO
Nombre/término del tipo de medio unmediated
Fuente rdamedia
338 ## - TIPO DE SOPORTE
Nombre/término del tipo de soporte volume
Fuente rdacarrier
490 1# - MENCIÓN DE SERIE
Mención de serie Textual history of the Bible
504 ## - NOTA DE BIBLIOGRAFÍA, ETC.
Nota de bibliografía, etc. Incluye bibliografía.
505 0# - NOTA DE CONTENIDO CON FORMATO
Nota de contenido con formato Volume 1A.
-- Overview articles.
505 0# - NOTA DE CONTENIDO CON FORMATO
Nota de contenido con formato Volume 1B.
-- Pentateuch -- Former -- Latter prophets.
505 0# - NOTA DE CONTENIDO CON FORMATO
Nota de contenido con formato Volume 1C.
-- Writings.
526 ## - NOTA DE INFORMACIÓN SOBRE EL PROGRAMA DE ESTUDIO
Nombre del programa Segunda Especialidad En Profecías Bíblicas
526 ## - NOTA DE INFORMACIÓN SOBRE EL PROGRAMA DE ESTUDIO
Nombre del programa Segunda Especialidad En Nuevo Testamento
526 ## - NOTA DE INFORMACIÓN SOBRE EL PROGRAMA DE ESTUDIO
Nombre del programa Segunda Especialidad En Antiguo Testamento
526 ## - NOTA DE INFORMACIÓN SOBRE EL PROGRAMA DE ESTUDIO
Nombre del programa Segunda Especialidad En Estudios Adventistas
526 ## - NOTA DE INFORMACIÓN SOBRE EL PROGRAMA DE ESTUDIO
Nombre del programa Doctorado en teología
526 ## - NOTA DE INFORMACIÓN SOBRE EL PROGRAMA DE ESTUDIO
Nombre del programa Maestría en teología histórica
526 ## - NOTA DE INFORMACIÓN SOBRE EL PROGRAMA DE ESTUDIO
Nombre del programa Maestría en teología bíblica
526 ## - NOTA DE INFORMACIÓN SOBRE EL PROGRAMA DE ESTUDIO
Nombre del programa Maestría en teología
526 ## - NOTA DE INFORMACIÓN SOBRE EL PROGRAMA DE ESTUDIO
Nombre del programa Maestría en misionología
526 ## - NOTA DE INFORMACIÓN SOBRE EL PROGRAMA DE ESTUDIO
Nombre del programa Maestría en liderazgo eclesiástico
526 ## - NOTA DE INFORMACIÓN SOBRE EL PROGRAMA DE ESTUDIO
Nombre del programa Teología
596 ## -
-- 1
650 00 - PUNTO DE ACCESO ADICIONAL DE MATERIA--TÉRMINO DE MATERIA
Término de materia o nombre geográfico como elemento de entrada Biblia.
-- Antiguo Testamento
Subdivisión general Criticismo, Textual.
650 04 - PUNTO DE ACCESO ADICIONAL DE MATERIA--TÉRMINO DE MATERIA
Término de materia o nombre geográfico como elemento de entrada Biblia
Subdivisión general Crítica, Textual
-- Historia.
650 00 - PUNTO DE ACCESO ADICIONAL DE MATERIA--TÉRMINO DE MATERIA
Término de materia o nombre geográfico como elemento de entrada Bible.
-- Old Testament
Subdivisión general Criticism, Textual.
650 04 - PUNTO DE ACCESO ADICIONAL DE MATERIA--TÉRMINO DE MATERIA
Término de materia o nombre geográfico como elemento de entrada Bible
Subdivisión general Criticism, Textual
-- History.
700 1# - ENTRADA AGREGADA--NOMBRE PERSONAL
Nombre de persona Lange, Armin,
Fechas asociadas al nombre 1961-
Término indicativo de función/relación editor.
700 1# - ENTRADA AGREGADA--NOMBRE PERSONAL
Nombre de persona Tov, Emanuel,
Término indicativo de función/relación editor.
910 ## - DATOS DE OPCIÓN DEL USUARIO (OCLC)
Datos de opción del usuario dbm
-- ncf
-- ncf
-- 20180108
942 ## - ELEMENTOS DE ENTRADA SECUNDARIOS (KOHA)
Fuente del sistema de clasificación o colocación Clasificación Decimal Dewey
Tipo de ítem Koha
949 ## - PROCESAMIENTO DE INFORMACIÓN LOCAL (OCLC)
a 221.67 H3
w DEWEY
c 1
i 77827
l CATALOGING
m BUL
p 245.00
r 0
s Y
t BOOK
u 2018-01-08
x POSGRADO
-- P85
0 COMPRA
o .STAFF. Colección Teología.
949 ## - PROCESAMIENTO DE INFORMACIÓN LOCAL (OCLC)
a 221.67 H3
w DEWEY
c 2
i 77828
l CATALOGING
m BUL
p 297.00
r 0
s Y
t BOOK
u 2018-01-08
x POSGRADO
-- P85
0 COMPRA
o .STAFF. Colección Teología.
949 ## - PROCESAMIENTO DE INFORMACIÓN LOCAL (OCLC)
a 221.67 H3
w DEWEY
c 3
i 77829
l CATALOGING
m BUL
p 297.00
r 0
s Y
t BOOK
u 2018-01-08
x POSGRADO
-- P85
0 COMPRA
o .STAFF. Colección Teología.
994 ## -
-- C0
-- PEPRU
999 ## - NÚMEROS DE CONTROL DE SISTEMA (KOHA)
-- DEWEY
-- 77827
-- 2018-3-15
-- 2021-11-9
-- 4
-- CCODEBUL1
-- BUL
-- 1
-- 245.00
-- 1
-- 0
-- Y
-- BOOK
-- 2018-1-8
-- TEOLOGIA
-- P85
-- COMPRA
-- .STAFF. Colección Teología.
999 ## - NÚMEROS DE CONTROL DE SISTEMA (KOHA)
-- DEWEY
-- 77828
-- 2018-3-16
-- 2021-11-9
-- 4
-- CCODEBUL1
-- BUL
-- 1
-- 297.00
-- 1
-- 0
-- Y
-- BOOK
-- 2018-1-8
-- TEOLOGIA
-- P85
-- COMPRA
-- .STAFF. Colección Teología.
999 ## - NÚMEROS DE CONTROL DE SISTEMA (KOHA)
-- DEWEY
-- 77829
-- 2018-3-16
-- 2021-11-9
-- 4
-- CCODEBUL1
-- BUL
-- 1
-- 297.00
-- 1
-- 0
-- Y
-- BOOK
-- 2018-1-8
-- TEOLOGIA
-- P85
-- COMPRA
-- .STAFF. Colección Teología.
980 ## - EQUIVALENCIA O REFERENCIA-CRUZADA-MENCIÓN DE SERIE--NOMBRE DE PERSONA/TÍTULO [LOCAL, CANADÁ]
ID del último usuario que modificó el registro 1
Nombre del último usuario que modificó el registro ALBERTO SANCHEZ Responsable de Automatización
Existencias
Visto por última vez Número de inventario Total de préstamos Signatura topográfica completa Código de barras Fecha del último préstamo Copia número Coste, precio de reemplazo Fecha de reemplazo Facultad Tipo de ítem Koha Nota pública Estado de pérdida Fuente del sistema de clasificación o colocación Restricciones de uso No para préstamo Colección Programa académico Biblioteca de origen Biblioteca actual Ubicación en estantería Fecha de adquisición Fuente de adquisición Coste, precio normal de compra
2025-12-02 5 1 221.67 H3 77827 2018-03-15 e1 250.00 2018-01-08   Libros físicos inventario-2023-12-13 No Perdido Clasificación Decimal Dewey No restringido Disponible para préstamos Colección General Maestría en teología Biblioteca CRAI UPeU Lima Biblioteca CRAI UPeU Lima Sala principal 2018-01-08 COMPRA 245.00
2025-12-02 5 2 221.67 H3 77828 2023-10-16 e2 302.00 2018-01-08   Libros físicos inventario-2023-12-13 No Perdido Clasificación Decimal Dewey No restringido Disponible para préstamos Colección General Maestría en teología Biblioteca CRAI UPeU Lima Biblioteca CRAI UPeU Lima Sala principal 2018-01-08 COMPRA 297.00
2026-03-19 5 1 221.67 H3 77829 2018-03-16 e3 302.00 2018-01-08   Libros físicos inventario-2023-12-13 No Perdido Clasificación Decimal Dewey No restringido Disponible para préstamos Colección General Maestría en teología Biblioteca CRAI UPeU Lima Biblioteca CRAI UPeU Lima Sala principal 2018-01-08 COMPRA 297.00